Нефтяные и газовые месторождения России (Запись № 2500572)
[ простой вид ]
| 000 -МАРКЕР | |
|---|---|
| контрольное поле | 01775nam1a2200373 i 4500 |
| 001 - ИДЕНТИФИКАТОР ЗАПИСИ | |
| контрольное поле | RU\NLR\bibl\1868774 |
| 005 - ИДЕНТИФИКАТОР ВЕРСИИ | |
| контрольное поле | 20260405115319.0 |
| 035 ## - ДРУГИЕ СИСТЕМНЫЕ НОМЕРА | |
| Идентификатор записи | (NLR Aleph) 001858630 |
| 100 ## - ДАННЫЕ ОБЩЕЙ ОБРАБОТКИ | |
| Данные общей обработки | 20120213d2010 u y0rusy50 ca |
| 101 0# - ЯЗЫК РЕСУРСА | |
| Язык текста, звукозаписи и т.д. | русский |
| Язык резюме | английский |
| Язык оглавления | русский |
| -- | английский |
| 102 ## - СТРАНА ПУБЛИКАЦИИ ИЛИ ПРОИЗВОДСТВА | |
| Страна публикации | российская федерация |
| 105 ## - ПОЛЕ КОДИРОВАННЫХ ДАННЫХ: ТЕКСТОВЫЕ МАТЕРИАЛЫ, МОНОГРАФИЧЕСКИЕ | |
| Кодированные данные о монографическом текстовом документе | ||||z ||||| |
| 200 1# - ЗАГЛАВИЕ И СВЕДЕНИЯ ОБ ОТВЕТСТВЕННОСТИ | |
| Основное заглавие | Нефтяные и газовые месторождения России |
| Параллельное заглавие | Oil and gas fields of Russia |
| Сведения, относящиеся к заглавию | справочник |
| -- | в 2 кн. |
| Первые сведения об ответственности | К.А. Клещев, В.С. Шеин |
| Язык параллельного заглавия | английский |
| 210 ## - ПУБЛИКАЦИЯ, РАСПРОСТРАНЕНИЕ И ДР. | |
| Место издания, распространения и т.д. | Москва |
| Имя издателя, распространителя и т. д. | ВНИГНИ |
| Дата издания, распространения и т.д. | 2010 |
| 215 ## - ФИЗИЧЕСКАЯ ХАРАКТЕРИСТИКА | |
| Размеры | 25 |
| 300 ## - ОБЩИЕ ПРИМЕЧАНИЯ | |
| Текст примечания | Авт. также на англ. яз.: K.A. Kleshchev, V.S. Shein |
| 300 ## - ОБЩИЕ ПРИМЕЧАНИЯ | |
| Текст примечания | Рез. на англ. яз. |
| 463 #0 - УРОВЕНЬ ФИЗИЧЕСКОЙ ЕДИНИЦЫ | |
| Встроенное поле | 0011836334 |
| 463 #0 - УРОВЕНЬ ФИЗИЧЕСКОЙ ЕДИНИЦЫ | |
| Встроенное поле | 0011836337 |
| 510 0# - ПАРАЛЛЕЛЬНОЕ ЗАГЛАВИЕ | |
| Связь между полями | z45790 |
| Параллельное заглавие | Oil and gas fields of Russia |
| Язык заглавия | английский |
| 606 1# - НАИМЕНОВАНИЕ ТЕМЫ КАК ПРЕДМЕТ | |
| Наименование темы | Нефть |
| Формальный подзаголовок | Справочники |
| Тематический подзаголовок | Месторождения |
| Географический подзаголовок | Российская Федерация |
| Системный номер авторитетной/нормативной записи | 2211980 |
| Идентификатор авторитетной/нормативной записи | RU\NLR\auth\661328739 |
| 606 1# - НАИМЕНОВАНИЕ ТЕМЫ КАК ПРЕДМЕТ | |
| Наименование темы | Естественные газы |
| Формальный подзаголовок | Справочники |
| Тематический подзаголовок | Месторождения |
| Географический подзаголовок | Российская Федерация |
| Системный номер авторитетной/нормативной записи | 2207059 |
| Идентификатор авторитетной/нормативной записи | RU\NLR\auth\661325969 |
| 686 ## - ИНДЕКСЫ ДРУГИХ КЛАССИФИКАЦИЙ | |
| Индекс | Д454.1-09(2Р)я2 |
| 686 ## - ИНДЕКСЫ ДРУГИХ КЛАССИФИКАЦИЙ | |
| Индекс | Д454.2-09(2Р)я2 |
| 700 #1 - ИМЯ ЛИЦА - ПЕРВИЧНАЯ ОТВЕТСТВЕННОСТЬ | |
| Начальный элемент ввода | Клещев |
| Часть имени, кроме начального элемента ввода | К. А. |
| Даты | 1935- |
| Расширение инициалов личного имени | Константин Александрович |
| Код отношения | Автор |
| 701 #1 - ИМЯ ЛИЦА - АЛЬТЕРНАТИВНАЯ ОТВЕТСТВЕННОСТЬ | |
| Код отношения | Автор |
| Материалы, к которым относится поле | rus |
| Графика поля | Кириллица |
| Начальный элемент ввода | Шеин |
| Часть имени, кроме начального элемента ввода | В. С. |
| Даты | 1938- |
| Расширение инициалов личного имени | Василий Степанович |
| Идентификатор авторитетной/нормативной записи | RU\NLR\auth\7745699 |
| Системный номер авторитетной/нормативной записи | 28634 |
| 790 #1 - ИМЯ ЛИЦА - АЛЬТЕРНАТИВНАЯ ФОРМА | |
| Связь между полями | z45 |
| Начальный элемент ввода | Kleščev |
| Часть имени, кроме начального элемента ввода | K. A. |
| Даты | 1935- |
| Расширение инициалов личного имени | Konstantin Aleksandrovič |
| Код отношения | Автор |
| 790 #1 - ИМЯ ЛИЦА - АЛЬТЕРНАТИВНАЯ ФОРМА | |
| Код отношения | Автор |
| Материалы, к которым относится поле | rus |
| Графика поля | Латинская |
| Начальный элемент ввода | Šein |
| Часть имени, кроме начального элемента ввода | V. S. |
| Даты | 1938- |
| Расширение инициалов личного имени | Vasilij Stepanovič |
| Идентификатор авторитетной/нормативной записи | RU\NLR\auth\7745700 |
| Системный номер авторитетной/нормативной записи | 28635 |
| 801 #0 - ИСТОЧНИК ЗАПИСИ | |
| Страна | российская федерация |
| Организация | NLR |
| Дата составления | 20120213 |
| Правила каталогизации | RCR |
| 801 #1 - ИСТОЧНИК ЗАПИСИ | |
| Страна | российская федерация |
| Организация | NLR |
| Дата составления | 20120213 |
| 852 ## - МЕСТОНАХОЖДЕНИЕ И ШИФР ХРАНЕНИЯ | |
| Идентификатор организации | NLR |
| Шифр хранения (Call Number) | 2011-7/6073 |
| 942 ## - ДОПОЛНИТЕЛЬНЫЕ ЭЛЕМЕНТЫ ЗАПИСИ (АБИС) | |
| Тип экземпляра АБИС | Книга |
Нет доступных экземпляров.